Every ECW Pay-Per-View (PPV) Main Eventer - Statistics

General Stats
  • This quiz has been taken 213 times
  • The average score is 17 of 23
Answer Stats
No. of Main Events Last Main Evented Wrestler % Correct
3 2000 The Sandman
97%
4 2001 Rob Van Dam
96%
3 1999 Sabu
94%
4 1999 Taz
92%
3 2000 Tommy Dreamer
91%
2 1999 Raven
87%
2 1999 Buh Buh Ray Dudley
84%
1 1998 D-Von Dudley
84%
6 1999 Shane Douglas
84%
2 2000 Spike Dudley
84%
1 2000 Mike Awesome
82%
2 2000 Rhino
82%
1 1998 Big Dick Dudley
81%
2 1997 Terry Funk
81%
7 2000 Justin Credible
80%
2 1998 Bam Bam Bigelow
71%
5 2001 Jerry Lynn
70%
2 2000 Steve Corino
66%
4 2000 Lance Storm
59%
1 1999 Balls Mahoney
48%
2 1998 Chris Candido
45%
2 1998 Al Snow
34%
1 2000 Super Crazy
34%
No matching quizzes found
Score Distribution
Percent of People with Each Score
Percentile by Number Answered
Your Score History
You have not taken this quiz